[Event "EU-Cup 22nd"]
[Site "Fuegen"]
[Date "2006.10.09"]
[Round "2.6"]
[White "Bjornsson, Sverrir Orn"]
[Black "Span, Paul"]
[Result "1/2-1/2"]
[WhiteElo "2067"]
[BlackElo "2278"]
[PlyCount "54"]
[EventDate "2006.10.08"]
[EventType "team-swiss"]
[EventRounds "7"]
[EventCountry "AUT"]
[SourceTitle "CBM 115"]
[Source "ChessBase"]
[SourceDate "2006.11.15"]
[SourceVersion "1"]
[SourceVersionDate "2006.11.15"]
[SourceQuality "1"]
[WhiteTeam "Haukar"]
[BlackTeam "Calder HMC"]
[WhiteTeamCountry "ISL"]
[BlackTeamCountry "NED"]

1. d4 d5 2. c4 e6 3. Nc3 Be7 4. cxd5 exd5 5. Bf4 c6 6. e3 Bf5 7. g4 Be6 8. h3 Nd7 9. Bd3 h5 10. gxh5 Ndf6 11. Qb3 Qb6 12. Qc2 Nxh5 13. Be5 Ngf6 14. 0-0-0 Nd7 15. Bh2 Qa5 16. Kb1 Nb6 17. Ka1 Nc4 18. Bxc4 dxc4 19. e4 0-0 20. d5 Bd7 21. Qe2 Bb4 22. Qxh5 Bxc3 23. bxc3 Qxc3+ 24. Kb1 Qb4+ 25. Ka1 Qc3+ 26. Kb1 Qb4+ 27. Ka1 Qc3+ 1/2-1/2

[Event "NED-chT 0506"]
[Site "Netherlands"]
[Date "2006.03.04"]
[Round "7.8"]
[White "Bierenbroodspot, Paul"]
[Black "Span, Paul"]
[Result "0-1"]
[WhiteElo "2282"]
[BlackElo "2275"]
[PlyCount "44"]
[EventDate "2005.09.24"]
[EventType "team"]
[EventRounds "9"]
[EventCountry "NED"]
[SourceTitle "EXT 2007"]
[Source "ChessBase"]
[SourceDate "2006.11.23"]
[SourceVersion "1"]
[SourceVersionDate "2006.11.23"]
[SourceQuality "1"]
[WhiteTeam "Enschede ESGOO"]
[BlackTeam "Calder HMC"]
[WhiteTeamCountry "NED"]
[BlackTeamCountry "NED"]

1. e4 e6 2. Nf3 d5 3. Nc3 Nf6 4. exd5 exd5 5. d4 Bf5 6. Bg5 c6 7. Bd3 Bxd3 8. Qxd3 Be7 9. 0-0-0 Nbd7 10. Rde1 0-0 11. Ne5 Re8 12. h4 Nxe5 13. dxe5 Nd7 14. f4 f6 15. Qf5 fxg5 16. hxg5 Nf8 17. e6 Bd6 18. Qf7+ Kh8 19. Rxh7+ Nxh7 20. Rh1 Rxe6 21. Qf5 Qg8 22. g3 g6 0-1

[Event "NED-chT 0506"]
[Site "Netherlands"]
[Date "2005.09.24"]
[Round "1.9"]
[White "Van Ketel, Raoul"]
[Black "Span, Paul"]
[Result "1/2-1/2"]
[WhiteElo "2271"]
[BlackElo "2267"]
[PlyCount "82"]
[EventDate "2005.09.24"]
[EventType "team"]
[EventRounds "9"]
[EventCountry "NED"]
[SourceTitle "EXT 2007"]
[Source "ChessBase"]
[SourceDate "2006.11.23"]
[SourceVersion "1"]
[SourceVersionDate "2006.11.23"]
[SourceQuality "1"]
[WhiteTeam "Leiden LSG"]
[BlackTeam "Calder HMC"]
[WhiteTeamCountry "NED"]
[BlackTeamCountry "NED"]

1. d4 e6 2. c4 f5 3. Nc3 Nf6 4. Qc2 Bb4 5. Bd2 0-0 6. e3 b6 7. Bd3 Bb7 8. f3 c5 9. Nge2 Na6 10. 0-0 g6 11. a3 Bxc3 12. Bxc3 Qe7 13. b4 d6 14. Qb2 Rae8 15. Bc2 Bc8 16. bxc5 bxc5 17. Ba4 Bd7 18. Bxd7 Nxd7 19. Qb7 Ndb8 20. Rab1 Qxb7 21. Rxb7 Rf7 22. Rfb1 Nc6 23. Kf2 Rxb7 24. Rxb7 Rb8 25. Rb5 Nc7 26. Rxb8+ Nxb8 27. dxc5 dxc5 28. Be5 Nca6 29. Nf4 Nd7 30. Bd6 Kf7 31. Nd3 Ke8 32. Ke2 Nb6 33. Nb2 Kd7 34. Be5 Kc6 35. f4 Nd7 36. Bg7 Nc7 37. Nd3 Ne8 38. Ne5+ Nxe5 39. Bxe5 Nd6 40. Kd3 Ne4 41. Bc3 Nxc3 1/2-1/2

[Event "EU-Cup 21st"]
[Site "Saint Vincent"]
[Date "2005.09.22"]
[Round "5.6"]
[White "Hamalainen, Sami"]
[Black "Span, Paul"]
[Result "1/2-1/2"]
[WhiteElo "2220"]
[BlackElo "2267"]
[PlyCount "98"]
[EventDate "2005.09.18"]
[EventType "team-swiss"]
[EventRounds "7"]
[EventCountry "ITA"]
[SourceTitle "CBM 110"]
[Source "ChessBase"]
[SourceDate "2006.01.31"]
[SourceVersion "1"]
[SourceVersionDate "2006.01.31"]
[SourceQuality "1"]
[WhiteTeam "Jyvaskyla JyS"]
[BlackTeam "Calder HMC"]
[WhiteTeamCountry "FIN"]
[BlackTeamCountry "NED"]

1. e4 e6 2. d4 d5 3. Nc3 Nf6 4. Bg5 dxe4 5. Nxe4 Be7 6. Nxf6+ Bxf6 7. Bxf6 Qxf6 8. Nf3 0-0 9. Bd3 c5 10. 0-0 Nc6 11. dxc5 Qxb2 12. Qd2 h6 13. Qe3 Qf6 14. Rab1 e5 15. Rfe1 Re8 16. Be4 Re7 17. Bxc6 Qxc6 18. Nxe5 Qc7 19. Qc3 Bf5 20. Nf3 Rxe1+ 21. Rxe1 Rc8 22. Re5 Be6 23. Qa3 a6 24. h3 Rd8 25. Re1 Rd5 26. Qa4 Rxc5 27. Qe8+ Kh7 28. Nd4 Re5 29. Rxe5 Qxe5 30. Nxe6 fxe6 31. Qd7 b5 32. Qd3+ Kg8 33. a3 Qe1+ 34. Qf1 Qc3 35. Qe2 e5 36. Qd1 Qxa3 37. Qd5+ Kh8 38. Qa8+ Kh7 39. Qe4+ Kg8 40. Qd5+ Kf8 41. Qd8+ Kf7 42. Qd5+ Kf6 43. Qc6+ Ke7 44. Qc7+ Kf8 45. Qd8+ Kf7 46. Qd5+ Kg6 47. Qe4+ Kf6 48. Qc6+ Ke7 49. Qc7+ Kf6 1/2-1/2

[Event "EU-Cup 21st"]
[Site "Saint Vincent"]
[Date "2005.09.18"]
[Round "1.6"]
[White "Schandorff, Lars"]
[Black "Span, Paul"]
[Result "1-0"]
[WhiteElo "2519"]
[BlackElo "2267"]
[PlyCount "121"]
[EventDate "2005.09.18"]
[EventType "team-swiss"]
[EventRounds "7"]
[EventCountry "ITA"]
[SourceTitle "CBM 110"]
[Source "ChessBase"]
[SourceDate "2006.01.31"]
[SourceVersion "1"]
[SourceVersionDate "2006.01.31"]
[SourceQuality "1"]
[WhiteTeam "Werder Bremen"]
[BlackTeam "Calder HMC"]
[WhiteTeamCountry "GER"]
[BlackTeamCountry "NED"]

1. d4 d5 2. c4 c6 3. Nf3 Nf6 4. e3 e6 5. Bd3 Nbd7 6. 0-0 Bd6 7. Nbd2 0-0 8. e4 e5 9. cxd5 cxd5 10. exd5 exd4 11. Ne4 Nxe4 12. Bxe4 Nf6 13. Qxd4 Nxe4 14. Qxe4 Re8 15. Qd4 Bf5 16. Bg5 f6 17. Bh4 Be5 18. Qd2 Qd6 19. Nxe5 fxe5 20. Rac1 Rac8 21. Bg3 Rcd8 22. Rfd1 Be4 23. Qe3 Bxd5 24. Qxa7 Qe6 25. Qe3 e4 26. b3 Bc6 27. h3 Rd5 28. Rxd5 Qxd5 29. Rc5 Qd3 30. Be5 Qxe3 31. fxe3 Rd8 32. Bd4 Rd5 33. Rc2 Rf5 34. a4 g6 35. g4 Rf3 36. Kg2 Rf8 37. Rc5 Rd8 38. Rc1 Rf8 39. Rc5 Rd8 40. Kg3 Rd5 41. Rc1 Rd7 42. Ra1 Kf7 43. b4 Bd5 44. Rf1+ Ke8 45. Rf6 Rf7 46. g5 Rxf6 47. gxf6 Kf7 48. Kf4 Ke6 49. Kg5 Kf7 50. Kh6 Kg8 51. h4 Bb3 52. a5 Bc4 53. Kg5 Bd3 54. Kf4 h6 55. Ke5 Kf7 56. Bc3 h5 57. Kd6 Bc4 58. Kc5 Be6 59. b5 g5 60. hxg5 h4 61. a6 1-0

[Event "NED-chT 0405"]
[Site "Netherlands"]
[Date "2005.01.06"]
[Round "6.7"]
[White "Span, Paul"]
[Black "Lemmers, Oscar"]
[Result "0-1"]
[WhiteElo "2250"]
[BlackElo "2395"]
[PlyCount "64"]
[EventDate "2004.09.18"]
[EventType "team-tourn"]
[EventRounds "9"]
[EventCountry "NED"]
[SourceTitle "EXT 2014"]
[Source "ChessBase"]
[SourceDate "2013.11.20"]
[SourceVersion "1"]
[SourceVersionDate "2013.11.20"]
[SourceQuality "1"]
[WhiteTeam "Den Bosch HMC"]
[BlackTeam "Enschede"]
[WhiteTeamCountry "NED"]
[BlackTeamCountry "NED"]

1. e4 c5 2. c3 d5 3. exd5 Qxd5 4. d4 Nf6 5. Nf3 Nc6 6. dxc5 Qxd1+ 7. Kxd1 Bf5 8. Be3 e6 9. Bb5 0-0-0+ 10. Kc1 Ng4 11. Bxc6 bxc6 12. b4 g6 13. Bd4 Bh6+ 14. Kb2 e5 15. Nxe5 Nxe5 16. Bxe5 Rhe8 17. f4 Rd3 18. a4 f6 19. Bd6 Re2+ 20. Ka3 Be6 21. b5 Kb7 22. g4 a5 23. bxa6+ Kxa6 24. Rf1 f5 25. gxf5 gxf5 26. Be5 Bd5 27. Rg1 Rxh2 28. Re1 Rg3 29. Bd6 Bg7 30. Be5 Bxe5 31. fxe5 Rgg2 32. e6 Ka5 0-1

[Event "Bethune op 24th"]
[Site "Bethune"]
[Date "2003.12.29"]
[Round "6"]
[White "Van den Bersselaar, Jeroen"]
[Black "Span, Paul"]
[Result "1-0"]
[WhiteElo "2176"]
[BlackElo "2279"]
[PlyCount "79"]
[EventDate "2003.12.26"]
[EventType "swiss"]
[EventRounds "9"]
[EventCountry "FRA"]
[SourceTitle "CBM 098 Extra"]
[Source "ChessBase"]
[SourceDate "2004.03.10"]
[SourceVersion "2"]
[SourceVersionDate "2004.03.10"]
[SourceQuality "1"]

1. d4 d5 2. c4 c6 3. Nf3 Nf6 4. Nc3 e6 5. g3 dxc4 6. Ne5 b5 7. Bg2 Qb6 8. 0-0 Bb7 9. a4 a6 10. e4 Bb4 11. Be3 Qc7 12. Bf4 Qd8 13. g4 0-0 14. g5 Nfd7 15. Ng4 f6 16. gxf6 Nxf6 17. Bg5 Be7 18. Bxf6 Bxf6 19. e5 Bg5 20. Ne4 Nd7 21. Nd6 Rb8 22. Ne3 Rf4 23. axb5 axb5 24. Ra7 Qb6 25. Rxb7 Rxb7 26. Qh5 h6 27. Qe8+ Nf8 28. Nxb7 Qxb7 29. Bxc6 Qb6 30. d5 Rxf2 31. Rxf2 Bxe3 32. Qxf8+ Kh7 33. Kg2 Bxf2 34. Qxf2 Qc7 35. Qf4 Kg8 36. Qe4 exd5 37. Bxd5+ Kh8 38. e6 Qe7 39. Qe5 h5 40. Qxh5+ 1-0

[Event "HMC Calder Cup B"]
[Site "Hertogenbosch"]
[Date "2003.08.31"]
[Round "5"]
[White "Span, Paul"]
[Black "Mainka, Romuald"]
[Result "0-1"]
[WhiteElo "2279"]
[BlackElo "2454"]
[PlyCount "90"]
[EventDate "2003.08.29"]
[EventType "tourn"]
[EventRounds "5"]
[EventCountry "NED"]
[EventCategory "3"]
[SourceTitle "CBM 095 Extra"]
[Source "ChessBase"]
[SourceDate "2003.09.04"]
[SourceVersion "1"]
[SourceVersionDate "2003.09.04"]
[SourceQuality "1"]

1. e4 c5 2. c3 Nf6 3. e5 Nd5 4. d4 cxd4 5. Nf3 e6 6. cxd4 d6 7. Bc4 Nc6 8. 0-0 Be7 9. Qe2 0-0 10. Qe4 Qc7 11. Bd3 f5 12. exf6 Nxf6 13. Qe2 Nb4 14. Nc3 Nxd3 15. Qxd3 Bd7 16. Re1 Rae8 17. Ng5 Bd8 18. Nce4 g6 19. h4 Bc6 20. Nxf6+ Rxf6 21. Ne4 Rf5 22. Bg5 Bxe4 23. Rxe4 Bxg5 24. hxg5 d5 25. Rg4 Qb6 26. Qd2 Rc8 27. Rc1 Rcf8 28. Rc2 e5 29. dxe5 Rxe5 30. Rb4 Qe6 31. f4 Re4 32. Rxe4 Qxe4 33. Rc5 d4 34. Re5 Qxf4 35. Qxf4 Rxf4 36. Rd5 Kf7 37. g3 Ke6 38. Rd8 Rf3 39. Kg2 Rd3 40. a4 a5 41. Ra8 b6 42. b4 axb4 43. Ra6 Kd5 44. Rxb6 Kc5 45. Rb7 Ra3 0-1

[Event "HMC Calder Cup B"]
[Site "Hertogenbosch"]
[Date "2003.08.30"]
[Round "3"]
[White "Muhren, Willem"]
[Black "Span, Paul"]
[Result "0-1"]
[WhiteElo "2175"]
[BlackElo "2279"]
[PlyCount "40"]
[EventDate "2003.08.29"]
[EventType "tourn"]
[EventRounds "5"]
[EventCountry "NED"]
[EventCategory "3"]
[SourceTitle "CBM 095 Extra"]
[Source "ChessBase"]
[SourceDate "2003.09.04"]
[SourceVersion "1"]
[SourceVersionDate "2003.09.04"]
[SourceQuality "1"]

1. e4 e6 2. d4 d5 3. Nc3 Nf6 4. e5 Nfd7 5. f4 c5 6. Nf3 Nc6 7. Be3 a6 8. Qd2 b5 9. g3 Qb6 10. Bg2 cxd4 11. Nxd4 Bc5 12. 0-0-0 Na5 13. Bg1 Nc4 14. Qe2 Bb7 15. h4 Qc7 16. g4 Nxb2 17. Nxd5 exd5 18. Kxb2 Ba3+ 19. Kxa3 Qc3+ 20. Nb3 Bc6 0-1